000 00905nam a22002777a 4500
003 CHAP
005 20220329141607.0
008 971013c19651958 r 00010 d
010 _a70684
011 _a71656
035 _a81210
040 _cCHAP
090 _aFolleto 169
110 _aAgencia para el Desarrollo Internacional
_91116
245 _aNecesidades de una fábarica para la manufactura en herramientas agrícolas de mano
260 _aMéxico, D.F. :
_bCentro REgional de Ayuda Técnica,
_c1965 (c.1958)
300 _a36 p.
_b: ilus.
590 _aBATCH-UPD
_b10
_c20130110
_lUCH01
_h2112
590 _aBATCH-UPD
_b10
_c20130410
_lUCH01
_h1423
590 _aBATCH-UPD
_b10
_c20130914
_lUCH01
_h1758
590 _aCONVERSION
_b10
_c20130109
_lUCH01
_h1339
650 1 4 _aMaquinaria agrícola.
_971151
901 _aBK
942 _cFOLL
949 _aFolleto 169
_bBC
_cFOLL
_d-34425
_eTS1
_i81210
_si
999 _c70684
_d70684